|
|
|
|
| LEADER |
00000nam a22000007a 4500 |
| 005 |
20141019225430.0 |
| 007 |
cr|||| |||| |
| 008 |
141019s2014 br |||||s|||| 00||0 por d |
| 020 |
|
|
|a 978-85-63265-33-3
|
| 035 |
|
|
|a 12460
|
| 040 |
|
|
|a vLex
|
| 090 |
|
|
|c 5239
|d 5239
|
| 100 |
1 |
|
|a Mizukami, Pedro
|
| 245 |
1 |
0 |
|a Mapeamento da md̕ia digital no Brasil
|h [Recurso electrn̤ico] /
|c Pedro Mizukami, Jhessica Reia, Joana Varon
|
| 256 |
|
|
|a Servicio en ln̕ea
|
| 260 |
|
|
|a Rio de Janeiro:
|b FGV - Direito Rio,
|c 2014
|
| 300 |
|
|
|a 1 recurso electrn̤ico
|
| 500 |
|
|
|a Um relatr̤io da Open Society Foundations.
|
| 506 |
1 |
|
|a Disponible solo en los productos indicados
|d vLex Global
|d vLex Global (Academic Edition, excluding Law Schools)
|d vLex Global (U.S. Academic Edition, Law Schools)
|d vLex Global (U.S. Academic Edition, excluding Law Schools)
|d vLex Global (Academic Edition, Law Schools)
|
| 650 |
0 |
4 |
|a Derecho de las Nuevas Tecnologa̕s
|z Brasil
|
| 700 |
1 |
|
|a Reia, Jhessica
|
| 700 |
1 |
|
|a Varon, Joana
|
| 740 |
0 |
|
|a vLex Libros (Servicio en ln̕ea)
|
| 856 |
4 |
0 |
|u http://vlex.com/source/mapeamento-midia-digital-brasil-12460
|z Acceso restringido
|
| 942 |
|
|
|c BOOK
|
| 999 |
0 |
|
|a Law of New Technologies
|